| 000 | 01234nam0a22002531 4500 | ||
|---|---|---|---|
| 001 | rc\2563056 | ||
| 005 | 20260408074744.0 | ||
| 035 | _a(NLR Aleph) 006727943 | ||
| 090 |
_a5513221 _c5513221 |
||
| 100 | _a20110914d1927 u y0rusy50 ca | ||
| 101 | 0 | _arus | |
| 102 | _aRU | ||
| 105 | _ay z ||||| | ||
| 200 | 1 | _aПостановления XVI-го Орловского уездного съезда советов рабочих, крестьянских и красноармейских депутатов. 15-18 марта 1927 года | |
| 210 |
_aОрел _cОрл. уисполком _d1927 _gтип. Орловск. изолятора |
||
| 215 |
_a17, [2] с., [1] с. "Оглавление" на обл. _d26х17 см. |
||
| 300 | _aПеред тит. листом циркуляр Орловск. уезд. исполн. ком-та от 4 апреля 1927 г. № 3334: "Всем отделам УИКа, всем ВИКам, Мценскому горсовету..." | ||
| 710 | 1 | 2 |
_aОрловский уездный съезд Советов _d16 _f1927 _3RU\NLR\AUTH\8810218149 _9321966 |
| 801 | 0 |
_aRU _bNLR _gpsbo |
|
| 801 | 1 |
_aRU _bELAR _2rusmarc |
|
| 852 |
_aNLR _j80/59 |
||
| 942 | _cBOOK | ||
| 980 | _aNB | ||